[Event "Wch Blitz"]
[Site "Samarkand"]
[Date "2023.12.30"]
[Round "17"]
[White "Asadli, Vugar Afgan Oglu"]
[Black "Zhalmakhanov, Ramazan"]
[Result "0-1"]
[WhiteElo "2562"]
[BlackElo "2493"]
[PlyCount "110"]
[EventDate "2023.12.29"]
[EventType "swiss (blitz)"]
[EventRounds "21"]
[EventCountry "UZB"]
[SourceTitle "CB01_2024"]
[SourceDate "2024.01.03"]
[SourceVersion "1"]
[SourceVersionDate "2024.01.03"]
[SourceQuality "1"]

1. e4 c5 2. Nc3 e6 3. Nf3 Nc6 4. d4 cxd4 5. Nxd4 Qc7 6. g4 a6 7. Be3 Bb4 8. Bg2 Ne5 9. 0-0 Bxc3 10. bxc3 h5 11. f4 Nxg4 12. Bd2 d6 13. h3 N4f6 14. Qf3 Ne7 15. Qg3 Rg8 16. e5 dxe5 17. fxe5 Nfd5 18. Qf3 Ng6 19. Qxh5 Rh8 20. Qg5 Nxc3 21. Bxc3 Qxc3 22. Rad1 Qc5 23. Kh1 Qxe5 24. Qg4 Rh4 25. Nf3 Rxg4 26. Nxe5 Nxe5 27. hxg4 Nxg4 28. Rde1 Ke7 29. Rf4 Nf6 30. Rc4 Bd7 31. Rc7 Rh8+ 32. Kg1 Rc8 33. Rxb7 Rxc2 34. Rd1 Ke8 35. Rb8+ Ke7 36. Rb7 g5 37. a4 Ke8 38. Rb8+ Ke7 39. Rb7 a5 40. Bf1 Nd5 41. Bb5 Kf6 42. Rxd7 Ne3 43. R1d3 Nf5 44. Rd2 Rc3 45. R7d3 Rc5 46. Rf3 g4 47. Rf4 Kg5 48. Re4 Rc1+ 49. Kf2 Rc3 50. Be2 g3+ 51. Kg2 Nh4+ 52. Kh3 f5 53. Red4 g2+ 54. Kh2 Rh3+ 55. Kxh3 g1Q 0-1

[Event "Wch Blitz"]
[Site "Samarkand"]
[Date "2023.12.30"]
[Round "20"]
[White "Kezin, Roman"]
[Black "Asadli, Vugar Afgan Oglu"]
[Result "1-0"]
[WhiteElo "2502"]
[BlackElo "2562"]
[PlyCount "77"]
[EventDate "2023.12.29"]
[EventType "swiss (blitz)"]
[EventRounds "21"]
[EventCountry "UZB"]
[SourceTitle "CB01_2024"]
[SourceDate "2024.01.03"]
[SourceVersion "1"]
[SourceVersionDate "2024.01.03"]
[SourceQuality "1"]

1. d4 Nf6 2. c4 g6 3. g3 Bg7 4. Bg2 0-0 5. Nc3 d6 6. Nf3 Bf5 7. Nh4 Bc8 8. 0-0 c5 9. dxc5 dxc5 10. Bf4 Qa5 11. Qc1 Nc6 12. Nf3 Be6 13. Ne5 Rac8 14. Nxc6 bxc6 15. b3 Rfd8 16. Be5 h5 17. Qb2 h4 18. Rfd1 Rxd1+ 19. Rxd1 Nh5 20. Bxg7 Nxg7 21. gxh4 Qc7 22. Ne4 Qf4 23. Nxc5 Qxh4 24. Qd4 Qh5 25. Bf3 Qg5+ 26. Kh1 Bh3 27. Rg1 Qh6 28. Ne4 Ne6 29. Qxa7 Qh4 30. Qe3 Rd8 31. Ng5 Nxg5 32. Qxg5 Qxf2 33. Qxe7 Rd4 34. Qe8+ Kg7 35. Qe5+ Kg8 36. Qg3 Qxg3 37. hxg3 Rd2 38. g4 Rxa2 39. Kh2 1-0

[Event "AI Cup Play In"]
[Site "Chess.com INT"]
[Date "2023.09.18"]
[Round "5"]
[White "Asadli, Vugar Afgan Oglu"]
[Black "Alekseev, Evgeny V"]
[Result "1/2-1/2"]
[WhiteElo "2563"]
[BlackElo "2573"]
[PlyCount "41"]
[EventDate "2023.09.18"]
[EventType "swiss (rapid)"]
[EventRounds "9"]
[EventCountry "USA"]
[SourceTitle "EXT 2024"]
[Source "ChessBase"]
[SourceDate "2023.10.10"]
[SourceVersion "1"]
[SourceVersionDate "2023.10.10"]
[SourceQuality "1"]

1. e4 e5 2. Nf3 Nc6 3. d4 exd4 4. Bc4 Nf6 5. e5 d5 6. Bb5 Ne4 7. Nxd4 Bd7 8. Bxc6 bxc6 9. 0-0 Bc5 10. f3 Ng5 11. Be3 Bb6 12. f4 Ne4 13. Nc3 Nxc3 14. bxc3 c5 15. Nb3 c4 16. Nd4 c5 17. Ne2 Bc6 18. Ng3 d4 19. Bc1 Qd5 20. Rf2 g6 21. f5 1/2-1/2

[Event "AI Cup Play In Match"]
[Site "Chess.com INT"]
[Date "2023.09.18"]
[Round "1.1"]
[White "Asadli, Vugar Afgan Oglu"]
[Black "Pranav, V."]
[Result "1/2-1/2"]
[WhiteElo "2563"]
[BlackElo "2579"]
[PlyCount "50"]
[EventDate "2023.09.18"]
[EventType "k.o. (rapid)"]
[EventRounds "1"]
[EventCountry "USA"]
[SourceTitle "EXT 2024"]
[Source "ChessBase"]
[SourceDate "2023.10.10"]
[SourceVersion "1"]
[SourceVersionDate "2023.10.10"]
[SourceQuality "1"]

1. e4 e5 2. Nf3 Nc6 3. d4 exd4 4. Bc4 Nf6 5. e5 d5 6. Bb5 Ne4 7. Nxd4 Bd7 8. Bxc6 bxc6 9. 0-0 Bc5 10. f3 Ng5 11. Be3 Bb6 12. f4 Ne4 13. Nc3 Nxc3 14. bxc3 0-0 15. Qd2 Re8 16. Nb3 f6 17. Rae1 fxe5 18. fxe5 Rxe5 19. Bd4 Qe7 20. Rxe5 Qxe5 21. Nc5 Qe7 22. Re1 Qf7 23. Rf1 Qe7 24. Re1 Qf7 25. Rf1 Qe7 1/2-1/2

[Event "AI Cup Play In"]
[Site "Chess.com INT"]
[Date "2023.09.18"]
[Round "6"]
[White "Sargsyan, Shant"]
[Black "Asadli, Vugar Afgan Oglu"]
[Result "1-0"]
[WhiteElo "2631"]
[BlackElo "2563"]
[PlyCount "103"]
[EventDate "2023.09.18"]
[EventType "swiss (rapid)"]
[EventRounds "9"]
[EventCountry "USA"]
[SourceTitle "EXT 2024"]
[Source "ChessBase"]
[SourceDate "2023.10.10"]
[SourceVersion "1"]
[SourceVersionDate "2023.10.10"]
[SourceQuality "1"]

1. d4 Nf6 2. Nf3 g6 3. Nc3 Bg7 4. e4 d6 5. h3 0-0 6. Be3 a6 7. a4 Nc6 8. Qd2 e5 9. dxe5 Nxe5 10. Nxe5 dxe5 11. Qxd8 Rxd8 12. Bc4 Be6 13. Bxe6 fxe6 14. Ke2 Bf8 15. Rhd1 Kf7 16. f3 h6 17. Rxd8 Rxd8 18. Nd1 Nh5 19. Nf2 Nf4+ 20. Kf1 b6 21. g3 Nh5 22. Kg2 Bc5 23. Bxh6 Bxf2 24. Kxf2 Nf6 25. Bg5 Rd4 26. c3 Rd6 27. Bxf6 Kxf6 28. Ke2 Rd8 29. h4 Ke7 30. Rd1 Rb8 31. Ke3 b5 32. axb5 Rxb5 33. Rd2 a5 34. g4 a4 35. f4 Kf6 36. g5+ Ke7 37. fxe5 Rxe5 38. Rd4 Rb5 39. Rb4 Ra5 40. Rb8 a3 41. bxa3 Rxa3 42. Kd4 Ra4+ 43. c4 Ra5 44. Rg8 e5+ 45. Kc3 Ra3+ 46. Kb4 Rh3 47. Kc5 Rxh4 48. Kd5 Kf7 49. Rc8 Rg4 50. Rxc7+ Kg8 51. c5 Rxg5 52. c6 1-0

[Event "AI Cup Play In"]
[Site "Chess.com INT"]
[Date "2023.09.18"]
[Round "3"]
[White "Vazquez, Guillermo"]
[Black "Asadli, Vugar Afgan Oglu"]
[Result "0-1"]
[WhiteElo "2575"]
[BlackElo "2563"]
[PlyCount "98"]
[EventDate "2023.09.18"]
[EventType "swiss (rapid)"]
[EventRounds "9"]
[EventCountry "USA"]
[SourceTitle "EXT 2024"]
[Source "ChessBase"]
[SourceDate "2023.10.10"]
[SourceVersion "1"]
[SourceVersionDate "2023.10.10"]
[SourceQuality "1"]

1. b3 g6 2. Bb2 Nf6 3. Nf3 Bg7 4. g3 d6 5. d4 0-0 6. Bg2 c5 7. c4 Qa5+ 8. Bc3 Qc7 9. 0-0 Ne4 10. Bb2 Nc6 11. Nbd2 Bf5 12. e3 Nxd2 13. Qxd2 Be4 14. Rad1 cxd4 15. exd4 d5 16. c5 a5 17. Rc1 f6 18. Ne1 Rad8 19. Qe3 Bxg2 20. Qe6+ Kh8 21. Nxg2 Qc8 22. Rfe1 Qxe6 23. Rxe6 Kg8 24. f4 Kf7 25. Re2 Rfe8 26. Rf1 e6 27. a3 b6 28. Rc2 Rb8 29. Rfc1 bxc5 30. Rxc5 Rxb3 31. R1c2 Reb8 32. Rxc6 Rxb2 33. Rc7+ Kg8 34. Rxb2 Rxb2 35. Rc8+ Bf8 36. f5 gxf5 37. Nf4 Kf7 38. Nxe6 Kxe6 39. Rxf8 Ra2 40. Rh8 f4 41. g4 f3 42. Rxh7 Rg2+ 43. Kf1 Rxg4 44. Ra7 Rxd4 45. Rxa5 Ke5 46. Rb5 Rd2 47. h4 Ke4 48. h5 d4 49. h6 Ke3 0-1

[Event "Titled Tuesday intern op 08th Aug Late"]
[Site "Chess.com INT"]
[Date "2023.08.08"]
[Round "4"]
[White "Asadli, Vugar Afgan Oglu"]
[Black "Xiong, Jeffery"]
[Result "1-0"]
[WhiteElo "2563"]
[BlackElo "2693"]
[PlyCount "59"]
[EventDate "2023.08.08"]
[EventType "swiss (blitz)"]
[EventRounds "11"]
[EventCountry "USA"]
[SourceTitle "EXT 2024"]
[Source "ChessBase"]
[SourceDate "2023.10.10"]
[SourceVersion "1"]
[SourceVersionDate "2023.10.10"]
[SourceQuality "1"]

1. e4 e6 2. d4 d5 3. Nd2 c5 4. Ngf3 Nf6 5. Bb5+ Bd7 6. Bd3 c4 7. Be2 dxe4 8. Ne5 Nc6 9. Ndxc4 Be7 10. 0-0 0-0 11. Bf4 Nd5 12. Bg3 f5 13. Nxd7 Qxd7 14. Ne5 Nxe5 15. Bxe5 b5 16. a4 b4 17. Bc4 Bd6 18. Bxd5 exd5 19. f4 Rac8 20. Qe2 Rc4 21. b3 Rc3 22. Qb5 Qxb5 23. axb5 Bxe5 24. fxe5 Rxc2 25. Rxa7 g6 26. Rd7 Ra8 27. Kh1 e3 28. b6 Rb8 29. b7 g5 30. e6 1-0

[Event "Titled Tuesday intern op 08th Aug Late"]
[Site "Chess.com INT"]
[Date "2023.08.08"]
[Round "6"]
[White "Iturrizaga Bonelli, Eduardo"]
[Black "Asadli, Vugar Afgan Oglu"]
[Result "1-0"]
[WhiteElo "2617"]
[BlackElo "2563"]
[PlyCount "113"]
[EventDate "2023.08.08"]
[EventType "swiss (blitz)"]
[EventRounds "11"]
[EventCountry "USA"]
[SourceTitle "EXT 2024"]
[Source "ChessBase"]
[SourceDate "2023.10.10"]
[SourceVersion "1"]
[SourceVersionDate "2023.10.10"]
[SourceQuality "1"]

1. c4 Nf6 2. g3 g6 3. Bg2 Bg7 4. Nc3 0-0 5. d4 d6 6. Nf3 Nbd7 7. 0-0 e5 8. Qc2 exd4 9. Nxd4 Nb6 10. Qb3 Nfd7 11. Rd1 Nc5 12. Qc2 Nxc4 13. Nd5 Nb6 14. Nf4 a5 15. b3 Ne6 16. Nfxe6 fxe6 17. Bb2 a4 18. Rac1 Rf7 19. b4 a3 20. Ba1 c6 21. e3 Qe7 22. h3 Bd7 23. Bc3 Raf8 24. Be1 e5 25. Nb3 d5 26. Nc5 Bc8 27. b5 e4 28. bxc6 bxc6 29. Qb3 Nd7 30. Nxd7 Qxd7 31. Bxe4 Bb2 32. Rc2 Qxh3 33. Bg2 Qh5 34. Rdd2 Bd7 35. e4 Re8 36. f4 Bh3 37. Bf3 Qh6 38. Re2 Qg7 39. e5 Be6 40. Rxc6 g5 41. Rxe6 Rxe6 42. Bxd5 Re8 43. Bxf7+ Qxf7 44. e6 Qa7+ 45. Bf2 Bd4 46. f5 g4 47. Qd5 Bxf2+ 48. Rxf2 Qe3 49. e7+ Kh8 50. f6 Qxg3+ 51. Kf1 Qh3+ 52. Ke2 g3 53. Qe5 Qg4+ 54. Rf3 Qc4+ 55. Ke3 Qf7 56. Rxg3 Rb8 57. Qxb8+ 1-0

[Event "FIDE World Cup"]
[Site "Baku"]
[Date "2023.07.30"]
[Round "1.1"]
[White "Asadli, Vugar Afgan Oglu"]
[Black "Le, Tuan Minh"]
[Result "1-0"]
[WhiteElo "2567"]
[BlackElo "2557"]
[PlyCount "91"]
[EventDate "2023.07.30"]
[EventType "k.o."]
[EventRounds "8"]
[EventCountry "AZE"]
[SourceTitle "EXT 2024"]
[Source "ChessBase"]
[SourceDate "2023.10.10"]
[SourceVersion "1"]
[SourceVersionDate "2023.10.10"]
[SourceQuality "1"]

1. e4 e5 2. Nf3 Nc6 3. Bb5 a6 4. Ba4 Nf6 5. 0-0 Nxe4 6. d4 b5 7. Bb3 d5 8. dxe5 Be6 9. c3 Bc5 10. Nbd2 0-0 11. Bc2 Bf5 12. Nb3 Bg6 13. Nfd4 Bxd4 14. Nxd4 Qd7 15. Nxc6 Qxc6 16. Be3 Rfe8 17. Bd4 Rad8 18. Re1 Nc5 19. Bxg6 hxg6 20. Qg4 Qe6 21. Qh4 Nd7 22. f4 c5 23. Bf2 Rc8 24. Rad1 Nb6 25. g4 d4 26. cxd4 Nd5 27. Rd3 c4 28. f5 gxf5 29. Rh3 Qh6 30. Qxh6 gxh6 31. gxf5 Kh7 32. Be3 Rc6 33. Kf2 Rg8 34. f6 Rg6 35. Bc1 b4 36. Re2 c3 37. Kf3 Re6 38. Rg3 Re8 39. Reg2 cxb2 40. Bxb2 Rxg3+ 41. Rxg3 Kh8 42. Rg7 Rc8 43. Rxf7 Rc2 44. Rd7 Nxf6 45. exf6 Kg8 46. Rg7+ 1-0

[Event "TUR-chT 1st League"]
[Site "Denizli"]
[Date "2023.07.11"]
[Round "4.22"]
[White "Asadli, Vugar Afgan Oglu"]
[Black "Petriashvili, Nikoloz"]
[Result "0-1"]
[WhiteElo "2567"]
[BlackElo "2443"]
[PlyCount "118"]
[EventDate "2023.07.09"]
[EventType "team-swiss"]
[EventRounds "9"]
[EventCountry "TUR"]
[SourceTitle "CBM 215 Extra"]
[Source "ChessBase"]
[SourceDate "2023.09.30"]
[SourceVersion "1"]
[SourceVersionDate "2023.09.30"]
[SourceQuality "1"]
[WhiteTeam "Guzelbahce Altyapi"]
[BlackTeam "Alacati Satranc"]
[WhiteTeamCountry "TUR"]
[BlackTeamCountry "TUR"]

1. e4 e5 2. Nf3 Nc6 3. Bc4 Bc5 4. c3 Nf6 5. d3 d6 6. 0-0 a5 7. Re1 0-0 8. h3 Ba7 9. Nbd2 Be6 10. Bb5 Ne7 11. Nf1 Ng6 12. Ng3 c6 13. Ba4 d5 14. exd5 Nxd5 15. Bc2 Qc7 16. Ng5 Bd7 17. c4 Nb4 18. Bb1 h6 19. Nf3 f5 20. a3 Na6 21. Nh5 Qd6 22. b4 axb4 23. axb4 Nxb4 24. Bb2 Rfe8 25. Qb3 c5 26. d4 exd4 27. Rxe8+ Bxe8 28. Nxd4 cxd4 29. c5+ Qd5 30. Qxb4 Bxc5 31. Rxa8 Bxb4 32. Ba2 Qxa2 33. Rxa2 d3 34. Bc1 Bf7 35. Ra8+ Nf8 36. Ng3 d2 37. Bxd2 Bxd2 38. Rb8 g6 39. Rxb7 Kg7 40. h4 Bf4 41. Ne2 Be5 42. Nc1 Ne6 43. Nd3 Bd4 44. g3 Kf6 45. Rd7 Be8 46. Rb7 Bc6 47. Rh7 Be4 48. Ne1 f4 49. g4 f3 50. Rd7 Ke5 51. Re7 Bc5 52. Re8 g5 53. h5 Kf6 54. Rc8 Bd4 55. Nc2 Bxc2 56. Rxc2 Nc5 57. Kh2 Ne4 58. Rc6+ Ke5 59. Rxh6 Bxf2 0-1

[Event "Dubai op-A 23rd"]
[Site "Dubai"]
[Date "2023.05.31"]
[Round "5"]
[White "Asadli, Vugar Afgan Oglu"]
[Black "Sandipan, Chanda"]
[Result "1/2-1/2"]
[WhiteElo "2584"]
[BlackElo "2460"]
[PlyCount "124"]
[EventDate "2023.05.27"]
[EventType "swiss"]
[EventRounds "9"]
[EventCountry "UAE"]
[SourceTitle "CBM 214 Extra"]
[Source "ChessBase"]
[SourceDate "2023.07.31"]
[SourceVersion "1"]
[SourceVersionDate "2023.07.31"]
[SourceQuality "1"]

1. e4 c5 2. Nc3 d6 3. f4 g6 4. Nf3 Bg7 5. Bb5+ Bd7 6. Bc4 Nc6 7. d3 Nf6 8. e5 dxe5 9. fxe5 Ng4 10. Bxf7+ Kxf7 11. e6+ Kg8 12. exd7 Qxd7 13. h3 Nge5 14. Nxe5 Bxe5 15. 0-0 Kg7 16. Ne4 Rhf8 17. c3 b6 18. Be3 Rxf1+ 19. Qxf1 Qf5 20. Qc1 Kh8 21. Bh6 Bg7 22. Qe3 Rf8 23. Bxg7+ Kxg7 24. Ng5 e5 25. Re1 a5 26. a4 h6 27. Ne4 Qd7 28. Nf2 Qf5 29. Ng4 g5 30. Qe2 Rd8 31. Nf2 Qd7 32. h4 gxh4 33. Qh5 Rf8 34. Qxh4 Rf4 35. Qg3+ Kh7 36. Ne4 Qg7 37. Qh3 Ne7 38. Re3 Nf5 39. Rf3 Qg6 40. Kf2 h5 41. Rxf4 exf4 42. Kf3 Ne3 43. Kxf4 Nxg2+ 44. Kf3 Ne1+ 45. Kf2 Nc2 46. Qh4 Qf5+ 47. Ke2 Kh6 48. Qh2 Qg4+ 49. Kd2 Na1 50. Qd6+ Kg7 51. Qe7+ Kh6 52. Qf8+ Qg7 53. Qf4+ Kh7 54. Ng5+ Kg6 55. Nf3 Qh6 56. Ne5+ Kg7 57. Qxh6+ Kxh6 58. Nc4 h4 59. Ke2 Nc2 60. Nxb6 Kg5 61. Nc4 Kf4 62. Kf2 h3 1/2-1/2